Learning to Rock Climb (Record no. 31954)

MARC details
000 -LEADER
fixed length control field 00418nam a2200181Ia 4500
020 ## - INTERNATIONAL STANDARD BOOK NUMBER
ISBN 0-87156-281-2
050 ## - CALL MARK
Classification number GV200.2.L68
100 ## - STATEMENT OF RESPONSIBILITY--MAIN AUTHOR NAME
Personal name Michael Loughman
245 #0 - TITLE STATEMENT
Title Learning to Rock Climb
260 ## - PUBLICATION, DISTRIBUTION, ETC. (IMPRINT)
Place of publication San Francisco
260 ## - PUBLICATION, DISTRIBUTION, ETC. (IMPRINT)
Name of publisher A Sierra Club Book
260 ## - PUBLICATION, DISTRIBUTION, ETC. (IMPRINT)
Year of publication 1981
300 ## - PHYSICAL DESCRIPTION
Number of Pages 141 p
650 ## - SUBJECT ADDED ENTRY--TOPICAL TERM
Topical Term Geology
942 ## - ADDED ENTRY ELEMENTS (KOHA)
Koha item type Books
Holdings
Withdrawn status Lost status Source of classification or shelving scheme Damaged status Not for loan Permanent Location Current Location Date acquired Accession Number Price effective from Koha item type
    Library of Congress Classification     NILE UNIVERSITY OF NIGERIA - MAIN LIBRARY NILE UNIVERSITY OF NIGERIA - MAIN LIBRARY 04/23/2025 0002433 04/23/2025 Books